000 00952cam a2200217 4500
001 WB3938-09
008 031008n2003 000 0 eng u
035 _a(Sirsi) u123870
245 _aCareer progression and the art and antiques sector.
260 _c2003
490 _aAntiques Trade Gazette
_v(1608), 4 October 2003, 1&3 (2)
520 _aA report of a survey conducted by Drummond Read recruitment. Career progression was seen as the most significant factor in why people wanted to change jobs. There were 700 respondents to the survey which covers all areas of this sector. 41% of respondents would consider transferring to another profession if they lost their job. It is likely that the survey is to now be conducted annually.
590 _aWB
650 _aANTIQUES TRADE
650 _aSTAFFING
650 _aRECRUITMENT
650 _aJOB SATISFACTION
650 _aCAREER STRUCTURE
690 _aEDUCATION-CAREERS
942 _n0
999 _c73570
_d73570